000 01253naa a22003377a 4500
001 BR7801104
003 BR-BrBNA
005 20250721155425.0
007 ta
008 250630b bl.|||m| |||| 00| 0 por d
040 _aBR-BrBNA
_bpor
_cBiblioteca Nacional de Agricultura
041 _a(Pt)
072 _aH10
_b2110
_b4050
_b3879
090 _aH10 BR7801104
100 1 _aSharma, R.D.
100 1 _aFerraz, E.C.A.
111 1 _a2. Reuniao de Nematologia
_cPiracicaba, SP (Brazil)
_d14 Sep 1976
245 1 _aEficacia de nematicidas sistemicos e nao sistemicos no controle aos nematoides fitoparasitos associados a mudas de cacaueiro
500 _aTrabalhos apresentados a 2. Reuniao de Nematologia Piracicaba, SP (Brasil): 1977. p. 139-147 [24 ref.; Summaries (En, Pt)] (BR7801104-AMS)
773 0 _tTrabalhos apresentados a 2. Reuniao de Nematologia
_wH10 BR7801104
_gPiracicaba, SP (Brasil), 1977. p. 139-147
650 _aCacau
650 _aNematoide
650 _aMuda
650 _aControle Quimico
650 _aNematicida
650 _aNematicida Sistemico
650 _aBahia
490 _aPublicacao - Sociedade Brasileira de Nematologia (Brazil)
_vno. 2
942 _cAMS
_2AGRIS
909 _a202506
_bLúcia
_c55
_dLúcia Elande
999 _c336418
_d336418